[Event "Tan Chin Nam Cup 8th"]
[Site "Qingdao"]
[Date "2002.07.08"]
[Round "8"]
[White "Sasikiran, Krishnan"]
[Black "Benjamin, Joel"]
[Result "1-0"]
[WhiteElo "2650"]
[BlackElo "2608"]
[Annotator "Ftacnik,L"]
[PlyCount "121"]
[EventDate "2002.07.04"]
[EventType "swiss"]
[EventRounds "9"]
[EventCountry "CHN"]
[SourceTitle "CBM 091"]
[Source "ChessBase"]
[SourceDate "2002.11.12"]
[SourceVersion "1"]
[SourceVersionDate "2002.11.12"]
[SourceQuality "1"]

1. Nf3 Nf6 2. c4 b6 3. g3 Bb7 4. Bg2 e6 5. O-O Be7 6. Nc3 O-O 7. Re1 d5 8. cxd5
exd5 9. d4 c5 10. Bf4 Nc6 11. Rc1 Ne4 12. dxc5 Bxc5 (12... Nxc3 13. bxc3 (13.
Rxc3 bxc5 14. Ne5 Nxe5 15. Bxe5 Qd7 16. Rd3 c4 17. Rd2 Qe6 18. Bc3 Rfd8 19. e3
Bc6 20. Qh5 Qg6 21. Qxg6 hxg6 22. Red1 {1-0 Farago,S-Galindo,R/Budapest 2001/ 
(31)}) 13... Bxc5 14. Qd3 h6 15. Rcd1 Qf6 16. Qxd5 Rad8 17. Qb3 g5 18. Bc1 Na5
19. Qc2 Rc8 20. Qd3 Bc6 21. Nd4 Ba4 22. Rd2 Rfd8 {1/2-1/2 Wilhelmi,C-Richter,M/
Schoeneck 1996/ (54)}) 13. Nxe4 dxe4 14. Ng5 e3 15. fxe3 Qe7 16. Qd3 (16. Ne4
Nb4 17. Nxc5 Bxg2 18. Qd7 Qxd7 19. Nxd7 Rfd8 20. Kxg2 Rxd7 21. a3 Nd5 22. Red1
Rad8 23. Kf3 {1-0 Akesson,R-Dvoirys,S/Cappelle la Grande 2000/ (38)}) 16... g6
(16... f5 $2 17. Ne6 Nb4 18. Qc4 $18) 17. Qe4 {White's extra pawn promises
better chances in nearly any endgame.} Na5 (17... Rac8 18. Qxe7 Bxe7 19. Red1
$14) 18. Qxe7 Bxe7 19. Rc7 (19. Bxb7 $6 Nxb7 20. Rc7 Bxg5 21. Bxg5 Nc5 22. Be7
Rfc8 23. Rxc8+ Rxc8 24. Rc1 $14) 19... Bxg2 20. Kxg2 Bd8 21. Rd7 h6 $2 {
Black exposes yet another pawn instead of improving the location of his poor
displaced knight.} (21... Nc4 $1 22. b3 Bxg5 23. Bxg5 Ne5 24. Rc7 f6 25. Bf4
$14) 22. Nf3 Re8 (22... Nc4 23. b3 Na5 24. Bxh6 Re8 25. Red1 $18) 23. Rc1 (23.
Bxh6 Bf6 24. b3 Nc6 $16) (23. Ne5 g5 24. Nxf7 gxf4 25. Nxh6+ Kh8 26. exf4 Bf6
27. e4 Bxb2 28. e5 $18) 23... g5 24. Bd6 Rxe3 25. b4 Bf6 (25... Rxe2+ 26. Kf1
Rxa2 27. bxa5 Rxa5 28. Ne5 $18) 26. bxa5 (26. Ng1 $1 Ra3 27. bxa5 Rxa2 28. Rcc7
Rd2 29. axb6 axb6 30. Rb7 $18) 26... Rxe2+ 27. Kf1 Rxa2 28. Be5 $6 {White is
simply reckless in realizing his advantage properly.} (28. axb6 $1 axb6 29.
Rcc7 Re8 (29... Rb2 30. g4 Ra1+ 31. Ne1 Rbb1 32. Bg3 $18) 30. g4 Re3 31. Ne1
Ra1 32. Bg3 Bc3 33. Rc8+ Kh7 34. Rxf7+ Kg6 35. Rb7 Rb1 36. Bf2 Rexe1+ 37. Bxe1
Rxe1+ 38. Kf2 Re6 39. Rxc3 $18) 28... Bxe5 29. Nxe5 Rxa5 30. Ng4 (30. Re7 Rf8
31. Rcc7 a6 32. Ke2 Ra2+ 33. Ke3 $16) 30... Kg7 31. Ne3 (31. Rcc7 Rf5+ 32. Ke2
Re8+ 33. Ne3 a5 34. g4 Rf6 35. Re7 Rxe7 36. Rxe7 a4 $14) 31... Re8 32. Rc3 h5
$1 (32... a6 33. g4 $14) 33. h3 Re6 34. g4 hxg4 35. hxg4 a6 36. Kf2 Ra4 37. Kg3
a5 38. Rd8 Rae4 (38... b5 39. Rd5 b4 40. Rxg5+ Kh6 41. Rh5+ Kg6 42. Rb3 $16)
39. Nf5+ Kg6 40. Rg8+ Kf6 41. Rf3 Ke5 (41... R6e5 42. Nd4+ Rf4 43. Rxf4+ gxf4+
44. Kxf4 $16) 42. Rxg5 Rg6 43. Nh6+ (43. Rxg6 fxg6 44. Nh4 a4 45. Nxg6+ Kd4 46.
Nh4 b5 47. g5 b4 48. g6 Re8 $13) 43... Rxg5 44. Nxf7+ Kd5 45. Nxg5 Re8 46. Nh7
(46. Rf5+ Kc4 47. Nf7 Re6 48. g5 a4 49. Ne5+ Kc3 50. g6 $18) 46... Kc4 47. Nf6
Ra8 {[%mdl 4096] Benjamin's chances to save the endgame are excellent even
though he will have to give up the rook for the white g pawn.} (47... Re1 48.
Kf2 (48. Rf4+ Kb3 49. g5 Rg1+ 50. Kh4) 48... Re7 49. g5 Rg7 50. Rg3 a4 51. Nh5
Rg8 52. g6 a3 53. g7 Kb4 $14) 48. Rf4+ Kb3 49. Nd5 (49. g5 a4 50. g6 a3 $11)
49... b5 50. Rf3+ Kc2 51. Nc7 Rb8 52. Rf2+ Kb3 (52... Kb1 $2 53. Rf5 b4 54.
Rxa5 b3 55. Rb5 $18) 53. Rf5 Kc4 54. g5 a4 55. Rf4+ Kc3 (55... Kc5 $2 56. Na6+
$18) 56. Nd5+ Kb3 (56... Kc2 57. Nb4+ (57. g6 a3 58. Nb4+ Kb3 59. Rg4 a2 60.
Nxa2 Kxa2 61. g7 Rg8 $11) 57... Kb3 58. Nc6 Rc8 59. Nd4+ Kc4 60. g6 a3 61. g7
Rg8 62. Ne6+ Kb3 63. Rf8 Rxg7+ 64. Nxg7 a2 65. Rf3+ Kb2 $11) 57. Rb4+ Kc2 (
57... Ka3 58. Kg4 $18) 58. Nc7 a3 59. Nxb5 a2 60. Nd4+ Kd3 $2 {Terrible
mistake that throws away the fruits of a long labour.} (60... Kc3 $1 61. Ra4
Kb2 62. Nc2 Rc8 63. Nb4 a1=Q 64. Nd3+ Kb1 $11) 61. Ra4 (61. Ra4 Rb4 62. Rxa2
Rxd4 63. Rf2 $18) 1-0

[Event "Moscow-ch"]
[Site "Moscow"]
[Date "1981.06.??"]
[Round "2"]
[White "Jussupow, Artur"]
[Black "Andrianov, Nikolai Ivanovich"]
[Result "1-0"]
[WhiteElo "2575"]
[BlackElo "2355"]
[Annotator "Gagarin,V"]
[PlyCount "55"]
[EventDate "1981.06.02"]
[EventType "tourn"]
[EventRounds "17"]
[EventCountry "URS"]
[SourceTitle "MCL"]
[Source "ChessBase"]
[SourceDate "1999.07.01"]
[SourceVersion "1"]
[SourceVersionDate "1999.07.01"]
[SourceQuality "1"]

1. d4 Nf6 2. c4 e6 3. Nf3 b6 4. g3 Bb7 5. Bg2 Be7 6. Nc3 Ne4 7. Bd2 Bf6 8. Rc1
$5 (8. O-O O-O $14 {E18}) (8. Qc2 $5 Nxd2 9. Qxd2 d6 10. d5 O-O 11. Nd4 e5 12.
Nc6 Qd7 13. Nxb8 Rfxb8 14. h4 $1 a5 15. a4 $1 Rf8 16. e4 h5 17. O-O-O $1 $16 {
Karpov,An-Yusupov,A/Tilburg/1993/1:0/57/}) 8... Bxd4 $1 9. Nxd4 Nxc3 10. Bxb7 (
10. Bxc3 Bxg2 11. Rg1 Bb7 12. Qd3 O-O 13. g4 Qg5 14. Rd1 d6 15. Qg3 Nd7 16. f4
Qe7 {Douven,R-Van der Wiel,J/NLD-ch/0:1/53/} 17. Nf5 $5 exf5 18. Bxg7 Rfe8 19.
Rd2 $13 {Douven}) (10. Rxc3 Bxg2 11. Rg1 Bb7 12. g4 d6 13. g5 Qd7 14. Re3 Nc6
15. Nf5 Kf8 16. Ng3 e5 $17 {Tatai,S-Toth,B/Budva/1981/0:1 (27)/}) 10... Nxd1
11. Rxd1 e5 (11... c6 12. Bf4 O-O 13. Bd6 Re8 14. Bxa8 (14. O-O a5 15. Bxa8 Qc8
16. c5 bxc5 17. Nb3 Qa6 18. Bxb8 Rxb8 19. Rxd7 Rxa8 20. Rfd1 h5 $17 {Busch,
K-Hecht,H/BRD/1989/0:1 (26)/}) 14... Qc8 15. b4 Na6 16. b5 Qxa8 17. bxa6 c5 18.
Nf3 Qe4 19. Rc1 f6 20. a3 $1 $13 {Karpov,An-Salov,V/Rotterdam/1989/0:1/52/}) (
11... O-O $5 12. Bxa8 c6 13. Bf4 Qc8 (13... Na6 $2 14. Bxc6 dxc6 15. Nxe6 $1
$16) 14. Bd6 Rd8 15. b4 Na6 (15... Qa6 16. b5) 16. b5 cxb5 (16... Nc5 $2 17.
Bxc6 dxc6 18. Nxc6 $16) 17. Bf3 bxc4 $13 {Polovodin,Fedorov,VI}) 12. Nf5 $1 (
12. Nb5 $6 a6 13. Bxa8 axb5 14. cxb5 c6 15. Bb4 (15. bxc6 dxc6 16. Bb4 Qc8 17.
Bd6 Nd7 $19) 15... Na6 $1 (15... Qc7 16. bxc6 dxc6 (16... Nxc6 17. Bd6 Qc8 18.
Bxc6 Qxc6 19. O-O f6 20. Rd2 Kf7 21. Rfd1 $44) 17. Bd6 Qa7 18. Bxb8 Qxa8 19.
Bxe5 $10) 16. bxa6 Qxa8 $17 {Polovodin,Fedorov,VI}) (12. Nf3 $2 Nc6 $1 13. Bc3
Qb8 14. Bxc6 dxc6 15. Nxe5 f6 16. Nd7 $2 Qb7 17. O-O O-O-O $19 {Vyzmanavin,
A-Naumkin,I/Moscow/1983/0:1 (17)/}) 12... g6 (12... Qf6 13. Ne3 $13) (12... Nc6
13. Bxc6 (13. Nxg7+ Kf8 14. Bh6 (14. Nh5 $5 $40) 14... Qf6 $17) 13... dxc6 14.
Nxg7+ Kf8 15. Bh6 Qf6 16. Nf5+ Ke8 (16... Kg8 17. e4 $16) 17. e4 (17. Ng7+ Ke7
18. h4 Qg6 $1 $17) 17... Rg8 18. h4 Rd8 19. Ke2 $44 {Polovodin,Fedorov,VI}) 13.
Ng7+ Ke7 (13... Kf8 $6 14. Bh6 Ke7 15. f4 exf4 16. O-O Nc6 17. Rxf4 f6 18. Re4+
Ne5 19. Bxa8 Qxa8 20. Rxe5+ $1 fxe5 21. Bg5+ Kf8 22. Rxd7 Qc6 23. Rxc7 $1 $40 {
Pinter,J-Thomson,C/Edinburgh/1989/1:0 (33)/}) 14. Bxa8 Rg8 $6 (14... c6 $5 15.
f4 $1 Kf8 16. Bc3 Kxg7 17. Bxe5+ f6 18. Bxb8 $1 Qxb8 19. Rxd7+ Kh6 20. Bxc6 Qc8
21. Rd6 $10 {Polovodin,I-Solozhenkin,E/URS/1985/0,5 (41) Inf 39/671/}) (14...
h6 15. Bc3 f6 16. f4 exf4 17. O-O Kf7 18. Nh5 gxh5 19. Rxf4 d6 20. Bxf6 {
Lukacs,P-Ligterink,G/Wijk/1987/1/2-1/2/20/} Qxf6 21. Bd5+ $1 Ke7 22. Rxf6 Kxf6
23. Rf1+ $16) 15. Bh6 (15. f4 {Polovodin,Fedorov,VI} Rxg7 16. fxe5 $5 (16. Bc3
Na6 17. Bc6 Nb8 18. Bg2 $36) 16... Qc8 (16... Ke8 $6 17. O-O c6 18. Bh6 Rg8 19.
Rf6 Qc8 20. Rdf1 Na6 21. Rxf7 $18) 17. O-O c6 18. Bg5+ Ke8 19. Rd6 $44 Na6 $140
$2 20. Bxc6 dxc6 21. Rfd1 f6 22. Bxf6 $16) 15... c6 16. f4 $1 Qc7 17. fxe5 Qxe5
18. Rd3 g5 $4 (18... Qxb2 $5 19. Re3+ Kd8 20. O-O $36 f6 (20... Rxg7 21. Bg5+
Kc7 22. Bf6 Qd2 23. Re8 $16) (20... Qd4 21. Rxf7 Na6 22. Kg2 $1 Nc7 23. Bxc6 $1
$18) (20... f5 21. Bg5+ Kc8 22. Ne8 $16) 21. Rd1 Qxa2 22. Ne6+ Ke7 (22... Kc8
23. Nf8 g5 (23... Qxc4 24. Re8+ Kc7 25. Bf4+ $18) 24. Re8+ Kc7 25. Ne6+ $18)
23. Nc5+ Kf7 (23... Kd8 24. Nxd7 $1 $18) 24. Nxd7 g5 25. Nxb8 Rxb8 26. Rd7+ Kg6
27. Bxc6 Kxh6 28. g4 Qxc4 29. Be4 $18) 19. Re3 $1 $18 Qxe3 20. Nf5+ Kf6 21.
Nxe3 Kg6 22. Rf1 Na6 (22... Kxh6 23. Nf5+ Kh5 24. g4+ $1 $18) 23. h4 gxh4 (
23... Kxh6 24. Nf5+ Kh5 25. g4+ $18) 24. Bb7 Nc5 (24... Kxh6 25. Bxa6 $18) 25.
Nf5 Re8 26. gxh4 Re5 (26... Nxb7 27. h5+ $18) 27. h5+ Kxh5 28. Bg7 1-0

[Event "Vienna Millenium"]
[Site "Vienna"]
[Date "1996.08.11"]
[Round "3"]
[White "Gelfand, Boris"]
[Black "Karpov, Anatoly"]
[Result "1-0"]
[WhiteElo "2665"]
[BlackElo "2775"]
[Annotator "Gelfand,B"]
[PlyCount "137"]
[EventDate "1996.08.09"]
[EventType "tourn"]
[EventRounds "9"]
[EventCountry "AUT"]
[EventCategory "18"]
[SourceTitle "CBM 055"]
[Source "ChessBase"]
[SourceDate "1996.12.01"]
[SourceVersion "1"]
[SourceVersionDate "1996.12.01"]
[SourceQuality "1"]

1. Nf3 {Ftacnik} Nf6 2. c4 b6 3. g3 Bb7 4. Bg2 e6 5. O-O Be7 6. Nc3 O-O 7. Re1
d5 8. cxd5 exd5 9. d4 {The position here is quite typical. If white gets this
position through Petrosian's system of queen's indian, then we will have a
pawn on a3 instead of a rook on e1. But it's not clear which of this move is
more useful.} Na6 10. Bf4 c5 11. dxc5 {Other moves are also possible, but I
wanted to define the pawn structure immediately.} Nxc5 {So black decided to
play with an isolated pawn, I guess that Anatoly didn't like} (11... bxc5 12.
Ne5 {with an idea e4} Nc7 13. Nc4 (13. Qa4 Ne6 14. Rad1 (14. Red1 {Ftacnik} Qb6
15. Nd7 Nxd7 16. Qxd7 Bf6 17. Bxd5 Bxd5 18. Nxd5 Qxb2 19. Rab1 Qxa2 20. Nxf6+
gxf6 21. Bh6 Rfd8 22. Qc6 Qxe2 23. Re1 Qh5 24. Be3 {0-1 Wyss,T-Jurek,J/Biel
Credis (05)/1995/ (42)}) 14... a5 15. Bc1 Ra6 16. Ng4 Bc6 17. Nxf6+ Bxf6 18.
Qa3 Bd4 19. e3 Bxc3 20. Qxc3 d4 21. Qc4 Qa8 22. Bxc6 Rxc6 23. exd4 cxd4 24. Qd3
Rfc8 {0-1 Sorensen,T-Danielsen,H/DEN-ch (09)/1988/ (36)}) 13... Ne6 14. Be5)
12. Rc1 (12. Nd4 {Ftacnik} Nfe4 (12... Qd7 13. Rc1 Rac8 14. Rc2 Rfe8 15. Nf3
Nce4 16. Ne5 Qf5 17. Nxe4 Rxc2 18. Qxc2 dxe4 19. Nc4 Qe6 20. b3 Rc8 21. Qb1 b5
22. Nd2 Bc5 {1-0 Sanchez,G-Browne,W/US-Open Concord (08)/1995/ (35)}) 13. Qc2
Bg5 14. Bxg5 Qxg5 15. Nxe4 Nxe4 16. e3 Rfc8 17. Qe2 Rc5 18. Nb3 Rc7 19. Rac1
Rac8 20. Rxc7 Rxc7 21. Rd1 g6 22. Nd4 h5 23. Qf3 {1/2-1/2 Gulko,B-Browne,W/San
Francisco (06)/1995/ (45)}) 12... a6 (12... Nfe4 13. Be5 {Moving the bishop to
d4}) 13. a3 Re8 14. Nd4 Bd6 {Black is exchanging the bishops in order to gain
some space.} (14... Qd7 15. b4 Ne6 16. Bh3) (14... Nfe4 15. b4 (15. b4 {Ftacnik
} Nxc3 16. Rxc3 Ne4 17. Rc7 $16)) (14... Qd7 $5 {Ftacnik}) 15. Bxd6 Qxd6 16.
Qd2 Rad8 (16... Nfe4 {Ftacnik} 17. Qf4 $14) 17. Red1 g6 18. Qf4 $1 Qxf4 {
I don't like this decision as without queens White has more possibilities to
manoeuvre his pieces.} (18... Qe7 $142) (18... Qe7 {Ftacnik} 19. b4 Ne6 20. Qe3
$14) 19. gxf4 $14 Kf8 20. e3 Rd6 $6 {Rook is badly placed here. Better is} (
20... Ke7 {Black has to bring the king in the centre.} 21. b4 Ne6 22. Nce2 Rc8
{Or}) (20... Nfe4 $5) 21. b4 Ne6 (21... Nce4 22. Na4 {with an idea f3} (22.
Nce2 {Ftacnik} Rd7 23. a4 $14)) 22. Nce2 Re7 23. a4 $1 {White has to make a
second weakness (a6 pawn) as Nimzovitch wrote in his book. If White prefers to
take control on the c-line by} (23. Rd2 Ne8 $140 24. Rdc2 Rd8 25. Nc6 Bxc6 26.
Rxc6 {Then Black gets counterplay by} d4 27. Rxb6 (27. Nxd4 Nxd4 28. exd4 Rxd4
29. Rxb6 Rxf4 30. Rxa6 Re2 $132) 27... d3 $132) 23... Nd8 24. a5 Bc6 (24... b5
{Leaves Black without any counterplay}) 25. Nc3 (25. axb6 {Ftacnik} Ba4 26. Rd2
Rxb6) 25... Be8 26. Bf1 bxa5 (26... b5 {Is similar to previous note}) (26...
Ra7 $2 27. b5 $1) (26... b5 {Ftacnik} 27. Nce2 Nc6 28. Nxc6 Rxc6 29. Rxc6 Bxc6
30. Nd4 $16) 27. bxa5 Rb7 28. Ra1 $1 {The most difficult move in the game.
Again I followed Nimzovitch's principle and over protected the a5 pawn, which
is the key to White's success} Rc7 $6 {Black didn't find the proper response
to White's idea.} (28... Ne4 {Is refuted by} 29. Ndb5 $3 $18 {Huzman,A} (29.
Nde2 Rbd7) 29... Bxb5 30. Nxe4 {Better is}) (28... Ke7 $142 {or}) (28... Ne6
29. Nxe6+ (29. Rdb1 Rxb1 30. Rxb1 Nxd4 31. exd4 Ke7 32. Rb6 Rxb6 33. axb6 Bc6
34. Bxa6 Nd7 35. b7 Nb8) 29... fxe6 30. Rdb1 $14) 29. Na2 Rb7 (29... Nc6 30.
Nxc6 Bxc6 31. Bxa6 $1 Ba4 32. Rdc1 Rxc1+ 33. Nxc1 $16) 30. f3 Ne6 31. Rdb1 Re7
(31... Rxb1 {Ftacnik} 32. Rxb1 Nxd4 33. exd4 Re6 34. Rb6 Bb5 35. Bxb5 Rxb6 36.
axb6 axb5 37. Nb4 $18) 32. Nb4 $16 Nc5 {Sad necessity as loses} (32... Nxd4 33.
exd4 Ra7 (33... Ree6 {Ftacnik} 34. Nxa6) 34. Nxa6 (34. Rc1 {Ftacnik} Nh5 $132)
34... Raxa6 35. Bxa6 Rxa6 36. Rb6 Rxb6 37. axb6 Bc6 38. Rc1 $18) 33. Rc1 Rb7 (
33... Rc7 {Ftacnik} 34. Ra2 $16) 34. Rab1 {Black's pieces are extremly passive
here and time trouble doesn't help} Nfd7 35. Nbc6 Rc7 $138 (35... f6 $5) (35...
Rxb1 {Ftacnik} 36. Rxb1 h5 37. Ne5 $16) 36. Ne5 Ke7 (36... Nxe5 {Ftacnik} 37.
fxe5 Rd8 38. Rb6 $16) 37. Rc3 f6 38. Nxd7 Kxd7 39. Rb8 (39. Rbc1 Ne6 40. Nxe6 (
40. f5 $5 {Ftacnik} gxf5 41. Nxf5 Rxc3 42. Rxc3 d4 43. Nxd4 Nxd4 44. exd4 Rd5
45. Rc5 Rxc5 46. dxc5 Kc6 47. Bxa6 Kxc5 48. Bd3 $16) 40... Rxc3 41. Nf8+ Ke7
42. Nxg6+ hxg6 43. Rxc3 d4 $16 {gives Black some counterplay}) 39... Ne6 (39...
Ke7 {Ftacnik} 40. f5 g5 41. Rb6 $16) 40. Rxc7+ Nxc7 41. Kf2 Ke7 42. f5 g5 (
42... Bd7 {Ftacnik} 43. Rh8 $16) (42... Bf7 {Ftacnik} 43. Rh8 h5 44. fxg6 Bxg6
45. Rb8 $16) 43. Ke1 {Black s pieces are not moving and White s King goes to
c5 That`s why Black are forcing matters} Bb5 (43... Bf7 44. Kd2 h5 45. Kc3 h4
46. Kb4 $16) 44. Bxb5 Nxb5 (44... axb5 {Ftacnik} 45. Rb7 Rd7 46. Kd2 $18) 45.
Nxb5 axb5 46. Rxb5 Rc6 (46... d4 {Ftacnik} 47. e4 Rc6 48. Rb7+ Kd6 49. Rb6 Rxb6
50. axb6 Kc6 51. e5 $18) 47. Rxd5 Rc3 (47... Rc2 {Ftacnik} 48. Rd2 Rc3 49. Ra2
Rxe3+ 50. Kf2 Rc3 51. a6 Rc8 52. a7 Ra8 53. Ke3 Kd6 54. Kd4 Kc6 55. Kc4 $18)
48. Kd2 Ra3 49. Kc2 {The simplest decision. Now white are winning the rook for
the a-pawn.} Rxe3 (49... Ra2+ {Ftacnik} 50. Kb3 Rxh2 51. a6 Rh1 52. Ra5 $18)
50. Kb2 Re2+ (50... Rxf3 {Ftacnik} 51. a6 Rf2+ 52. Kb3 Rf1 53. Ra5 Rb1+ 54. Kc4
Rb8 55. a7 Ra8 56. Kb5 $18) 51. Kb3 Rxh2 52. a6 Rh1 53. Kb4 Ra1 (53... Rb1+ {
Ftacnik} 54. Kc5 Ra1 55. Kb6 Rb1+ 56. Rb5 Rd1 57. a7 Rd8 58. Kc6 Rc8+ 59. Kb7
$18) 54. Ra5 Rb1+ 55. Kc5 Rb8 (55... Rc1+ {Ftacnik} 56. Kb6 Rb1+ 57. Rb5) 56.
a7 Ra8 57. Kc6 h5 58. Kb7 (58. Ra6 $1 {was even simpler}) 58... Rxa7+ (58...
Rd8 {Ftacnik} 59. a8=Q Rxa8 60. Rxa8 Kd6 61. Re8 h4 62. Re6+ Kd5 63. Rxf6 Ke5
64. Rf8 $18) 59. Kxa7 Kd6 60. Kb6 h4 (60... g4 {Ftacnik} 61. fxg4 hxg4 62. Rc5
g3 63. Rc3 Ke5 64. Rxg3 Kxf5 65. Kc5 Kf4 66. Rg8 f5 67. Kd4 $18) 61. Rc5 h3 62.
Rc2 Ke5 63. Rh2 Kxf5 64. Rxh3 Kf4 (64... g4 {Ftacnik} 65. fxg4+ Kxg4 66. Rh8 f5
67. Kc5 f4 68. Kd4 f3 69. Ke3 $18) 65. Kc5 f5 66. Kd4 g4 67. fxg4 fxg4 68. Rh8
Kf3 (68... g3 {Ftacnik} 69. Rf8+ Kg4 70. Ke3) 69. Kd3 (69. Kd3 {Ftacnik} g3 70.
Rf8+ Kg2 71. Ke2 Kg1 72. Kf3 g2 73. Rg8 Kh1 74. Kf2 $18) 1-0

[Event "Ciocaltea Memorial"]
[Site "Bucharest"]
[Date "1997.??.??"]
[Round "7"]
[White "Kiselev, Sergey"]
[Black "Ionescu, Constantin"]
[Result "1-0"]
[WhiteElo "2485"]
[BlackElo "2515"]
[Annotator "Hecht,H"]
[PlyCount "119"]
[EventDate "1997.03.??"]
[EventType "tourn"]
[EventRounds "13"]
[EventCountry "ROU"]
[EventCategory "10"]
[SourceTitle "CBM 060"]
[Source "ChessBase"]
[SourceDate "1997.09.29"]
[SourceVersion "1"]
[SourceVersionDate "1997.09.29"]
[SourceQuality "1"]

1. d4 Nf6 2. c4 e6 3. Nf3 b6 4. g3 Bb7 5. Bg2 Be7 6. Nc3 Ne4 7. Bd2 f5 8. d5
Bf6 9. Qc2 Na6 10. Nxe4 fxe4 11. Qxe4 Bxb2 12. Rb1 $146 (12. Rd1 {Fritz 5.00 
(100s)} Qe7 13. O-O Bf6 14. Ne1 Nc5 15. Qe3 O-O 16. Bb4 d6 17. Bxc5 bxc5 18.
Qxe6+ Qxe6 19. dxe6 Bxg2 20. Nxg2 Rae8 21. Nf4 Bg5 22. Nd5 c6 23. Nc7 Re7 24.
Na6 Rxe6 25. e3 Bd8 26. Rd3 Bb6 27. a4 Re4 28. Rc1 Rd8 29. Kg2 d5 30. cxd5 c4
31. Rdd1 Rxd5 32. Kf3 Re6 33. Rxd5 cxd5 34. Nb4 d4 35. Nd5 dxe3 36. fxe3 Rd6
37. e4 Kf7 38. Rxc4 Ke6 39. Kf4 Bd8 40. h4 h6 41. Nc7+ Kd7 {Atalik,S-Greenfeld,
A/Beijing Lee Cup 1996/EXP 54/1-0 (55)} (41... Kd7 42. e5 Rd3 43. Nb5 Bb6 44.
Rc3 Rd1 45. Kf5 a6 46. Na3 Bd4 47. e6+ Kd8 48. Rb3 Rf1+ 49. Ke4 Bf6 50. Nc4 Rd1
51. Ne3 Rd4+ 52. Kf5 Kc7 53. Rb4 Rd6 54. Re4 Kd8 55. Kg6 {1-0 Atalik,
S-Greenfeld,A/Beijing Lee Cup 1996/EXP 54/[Atalik,S]})) 12... Bf6 13. h4 Qe7
14. Ng5 Nc5 15. Qc2 g6 16. Be3 O-O 17. Rb5 d6 18. Rxc5 (18. Bxc5 Bxg5 (18...
dxc5 19. Nxe6) 19. Bxd6 Qxd6 20. hxg5 a6 21. Rb1 exd5 $11) 18... bxc5 19. Nxe6
Qxe6 (19... Rfb8 $142 {Fritz 5.00 (100s) war der einzige Versuch}) 20. dxe6
Bxg2 21. Rg1 $2 (21. Rh2 $18 Bc6 22. h5) 21... Bc6 22. h5 Kg7 23. hxg6 hxg6 24.
Qc1 Rfe8 25. Bh6+ Kg8 26. Bg5 Bg7 27. e7 Rab8 28. f3 Rb2 29. Qe3 Bd4 30. Qe6+
Kg7 31. Be3 Bxe3 32. Qxe3 Kf7 33. Qa3 Rb4 34. Kf2 Rxe7 35. Rh1 Rxc4 36. Qa6 Bd5
37. Qc8 Kf6 38. e4 Rc2+ 39. Ke3 Bf7 40. Qh8+ Ke6 41. Qh3+ Kf6 42. Qh4+ Ke6 43.
Qg4+ Kf6 44. Rh7 Rxa2 45. Qf4+ Ke6 46. Qg5 Ra3+ 47. Kf4 c6 48. Qg4+ Kf6 49.
Qh4+ Ke6 50. Qh3+ Kf6 51. Qh4+ Ke6 52. Kg5 Kd7 53. Qg4+ Be6 54. Rxe7+ Kxe7 {
[#] Hecht Desorganisierte schwarze Position zieht Mattangriff nach sich. Thema:
der aktive König!} 55. Qf4 c4 (55... Bf7 56. Qf6+ Ke8 57. e5 dxe5 58. Qxc6+ Kd8
59. Kf6 Be8 60. Qd6+ Bd7 61. Qe7+ Kc7 62. Qxc5+ $18) 56. Qf6+ Kd7 57. Qg7+ Kc8
58. Kf6 Bd7 59. Ke7 {[%cal Rg7f8,Rf8d8]} Kc7 60. Qd4 {[%cal Rd4d6,Rd4a7]} 1-0

[Event "Biel"]
[Site "Biel"]
[Date "1994.??.??"]
[Round "7"]
[White "Brunner, Lucas"]
[Black "Hoffman, Alejandro"]
[Result "1-0"]
[WhiteElo "2525"]
[BlackElo "2500"]
[Annotator "Hecht,H"]
[PlyCount "224"]
[EventDate "1994.07.??"]
[EventType "tourn"]
[EventRounds "11"]
[EventCountry "SUI"]
[EventCategory "10"]
[SourceTitle "CBM 043"]
[Source "ChessBase"]
[SourceDate "1994.12.01"]
[SourceVersion "1"]
[SourceVersionDate "1994.12.01"]
[SourceQuality "1"]

1. Nf3 d5 2. g3 Nf6 3. Bg2 e6 4. O-O Be7 5. c4 O-O 6. b3 b6 7. Bb2 Bb7 8. cxd5
exd5 9. d4 c5 10. Nc3 Na6 11. Ne5 Re8 12. Rc1 Ne4 13. dxc5 Naxc5 14. Nd3 Nxd3
15. Qxd3 Bf6 16. Rfd1 Qe7 17. e3 Rad8 18. Qf1 h5 19. Rc2 Nxc3 20. Bxc3 Bxc3 21.
Rxc3 d4 22. exd4 Bxg2 23. Kxg2 Qe4+ 24. Kg1 Rxd4 25. Re3 Rxd1 26. Qxd1 Qc6 27.
Rxe8+ Qxe8 28. Qxh5 {[#]} Qe1+ 29. Kg2 Qd2 30. a4 Qd4 31. Qf3 g6 32. h4 a5 33.
h5 gxh5 34. Qxh5 Qe4+ 35. Kh2 Qd4 36. Qg5+ Kf8 37. Qe3 Qh8+ 38. Kg2 Qf6 39. g4
Qc6+ 40. Qf3 Qe6 41. Kg3 Qd6+ 42. Qf4 Qd3+ 43. Qe3 Qd6+ 44. f4 Qb4 45. Qd3 Qe1+
46. Kg2 Qb4 47. Kf3 Kg7 48. g5 Qc5 49. Qc4 Qg1 50. Ke4 Qe1+ 51. Kf5 Qe3 52. Qd5
Qh3+ 53. Ke4 Qh1+ 54. Ke5 Qe1+ 55. Kd6 Qb4+ 56. Kc6 Qxf4 57. Kxb6 Qb4+ 58. Ka6
Qc3 59. Qxa5 Qxb3 60. Qe5+ Kg6 61. a5 Qd3+ 62. Kb6 Qd8+ 63. Kb7 Qd7+ 64. Qc7
Qf5 65. a6 Kh5 (65... Kxg5 $2 66. a7 Qe4+ 67. Qc6 Qe7+ 68. Ka6 Qa3+ 69. Kb6 $18
) (65... Qxg5 $2 66. a7 $18) 66. Qc6 (66. g6 $2 Qb5+ 67. Qb6 Qd7+ $14) 66...
Qb1+ 67. Kc7 Qa2 68. Qf6 (68. g6 fxg6 69. Qc5+ g5 70. a7 Qf7+ $13 {Pg5 als
Seitenschutz!}) 68... Qd5 69. Qh6+ Kg4 70. Qc6 Qa5+ 71. Kb7 Qb4+ 72. Ka8 Qa5
73. Qc4+ Kh5 74. Kb7 Qf5 75. a7 Qd7+ 76. Kb6 Qd8+ 77. Qc7 Qd4+ 78. Qc5 Qd8+ 79.
Kb5 Qd7+ (79... Qd3+ $5 80. Kc6 Qe4+ 81. Kd7 {mit evtl. Angriff auf Pf7}) 80.
Kc4 Qa4+ 81. Kc3 Qa1+ 82. Kd2 Qa2+ 83. Ke3 Qg2 84. Kf4 Qg4+ 85. Ke5 Qe6+ 86.
Kd4 Qd7+ 87. Kc3 Qb7 88. g6+ Kxg6 89. Qd6+ f6 90. Qg3+ Kh5 91. Qb8 $18 {
Gewinn laut ENDSPIEL-CD in 12 Zügen (ohne Pf6, der eher hindert, weil Qg7 die
beste Verteidigung wäre. Idee: K-Marsch nach a5.} Qf3+ (91... Qc6+ 92. Kb4 Qe4+
93. Ka5 Qe1+ 94. Qb4 Qa1+ (94... Qh1 $5) 95. Kb6 $18) 92. Kb4 Qe4+ 93. Ka5 Qe1+
94. Qb4 Qa1+ (94... Qh1 $5 95. Qc5+ Kg6 96. Qc2+ Kh6 (96... Kg7 97. Kb6 Qg1+
98. Qc5 Qh1 99. Qc6 Qg1+ 100. Kb7 Qb1+ 101. Kc7 $18) 97. Qd2+ Kg6 98. Qd3+ Kh6
99. Qe3+ Kh7 100. Qe7+ $18) 95. Kb6 f5 (95... Qh1 96. Qa5+ $18) 96. Qe7 Qd4+
97. Kb7 Qd5+ 98. Kb8 Qb5+ 99. Kc7 Qa5+ 100. Kc8 Qa6+ 101. Kd8 Qb6+ 102. Ke8
Qc6+ 103. Qd7 Qa8+ 104. Kf7 Kg4 105. Kg7 Kf4 106. Qc7+ Ke3 107. Qb8 Qg2+ 108.
Kf8 f4 109. a8=Q Qxa8 110. Qxa8 f3 111. Qe8+ Kf2 112. Qe4 Kg3 1-0